<?xml version="1.0" encoding="UTF-8"?>
<record
    xmlns:xsi="http://www.w3.org/2001/XMLSchema-instance"
    xsi:schemaLocation="http://www.loc.gov/MARC21/slim http://www.loc.gov/standards/marcxml/schema/MARC21slim.xsd"
    xmlns="http://www.loc.gov/MARC21/slim">

  <leader>01219nam a2200253 i 4500</leader>
  <controlfield tag="001">159519</controlfield>
  <controlfield tag="003">ES-MaACL</controlfield>
  <controlfield tag="005">20231226174858.0</controlfield>
  <controlfield tag="008">991001s1881    sp           |||| |dspa d</controlfield>
  <datafield tag="100" ind1="1" ind2=" ">
    <subfield code="a">Mesonero Romanos, Ram&#xF3;n de,</subfield>
    <subfield code="d">1803-1882</subfield>
    <subfield code="9">80672</subfield>
  </datafield>
  <datafield tag="245" ind1="1" ind2="0">
    <subfield code="a">Recuerdos de viaje por Francia y B&#xE9;lgica, en 1840 a 1841 / </subfield>
    <subfield code="c">su autor El Curioso Parlante.</subfield>
  </datafield>
  <datafield tag="250" ind1=" " ind2=" ">
    <subfield code="a">Nueva ed. corr. y aum.</subfield>
  </datafield>
  <datafield tag="260" ind1=" " ind2=" ">
    <subfield code="a">Madrid : </subfield>
    <subfield code="b">Oficinas de la Ilustraci&#xF3;n Espa&#xF1;ola y Americana, </subfield>
    <subfield code="c">1881 (</subfield>
    <subfield code="f">Imp., estereotipia y galvanoplastia de Aribau y C&#xAA;)</subfield>
  </datafield>
  <datafield tag="300" ind1=" " ind2=" ">
    <subfield code="a">VII, 290 p. ; </subfield>
    <subfield code="c">21 cm.</subfield>
  </datafield>
  <datafield tag="490" ind1="1" ind2=" ">
    <subfield code="a">Biblioteca selecta de autores contempor&#xE1;neos. </subfield>
    <subfield code="a">Obras de D. Ram&#xF3;n de Mesonero Romanos ; </subfield>
    <subfield code="v">4</subfield>
  </datafield>
  <datafield tag="530" ind1=" " ind2=" ">
    <subfield code="a">Disponible en formato digital.</subfield>
  </datafield>
  <datafield tag="594" ind1=" " ind2=" ">
    <subfield code="a">El Curioso Parlante es seud. de Ram&#xF3;n de Mesonero Romanos.</subfield>
  </datafield>
  <datafield tag="651" ind1=" " ind2="4">
    <subfield code="a">Francia-</subfield>
    <subfield code="x">Descripci&#xF3;n.</subfield>
    <subfield code="9">8676</subfield>
  </datafield>
  <datafield tag="651" ind1=" " ind2="4">
    <subfield code="a">B&#xE9;lgica-</subfield>
    <subfield code="x">Descripci&#xF3;n.</subfield>
    <subfield code="9">159915</subfield>
  </datafield>
  <datafield tag="830" ind1="1" ind2=" ">
    <subfield code="a">Biblioteca selecta de autores contempor&#xE1;neos. </subfield>
    <subfield code="a">Obras de D. Ram&#xF3;n de Mesonero Romanos ; </subfield>
    <subfield code="v">4</subfield>
    <subfield code="9">221944</subfield>
  </datafield>
  <datafield tag="852" ind1=" " ind2=" ">
    <subfield code="a">ES-MaACL</subfield>
    <subfield code="j">Z-30(II)    </subfield>
    <subfield code="z">- Enc. hol.    </subfield>
    <subfield code="x">B-5674    </subfield>
    <subfield code="d"></subfield>
  </datafield>
  <datafield tag="856" ind1=" " ind2=" ">
    <subfield code="u">http://bdh-rd.bne.es/viewer.vm?id=0000113126&amp;page=1 </subfield>
    <subfield code="z">Biblioteca Digital Hisp&#xE1;nica</subfield>
  </datafield>
  <datafield tag="999" ind1=" " ind2=" ">
    <subfield code="c">159519</subfield>
    <subfield code="d">159519</subfield>
  </datafield>
  <datafield tag="952" ind1=" " ind2=" ">
    <subfield code="0">0</subfield>
    <subfield code="1">0</subfield>
    <subfield code="4">0</subfield>
    <subfield code="7">0</subfield>
    <subfield code="8">Colecci&#xF3;n_digital</subfield>
    <subfield code="a">ATENEOM</subfield>
    <subfield code="b">ATENEOM</subfield>
    <subfield code="c">DEPOZ</subfield>
    <subfield code="d">2008-01-17</subfield>
    <subfield code="l">0</subfield>
    <subfield code="o">Z-30(II)</subfield>
    <subfield code="p">1166996</subfield>
    <subfield code="r">2023-02-23 00:00:00</subfield>
    <subfield code="w">2023-02-23</subfield>
    <subfield code="y">MONANT</subfield>
  </datafield>
</record>
